ASLE transactions (Record no. 71278)

000 -LEADER
fixed length control field 00446nam a22001697a 4500
003 - CONTROL NUMBER IDENTIFIER
control field NUST - PNEC
005 - DATE AND TIME OF LATEST TRANSACTION
control field 20170116181157.0
008 - FIXED-LENGTH DATA ELEMENTS--GENERAL INFORMATION
fixed length control field 160113b xxu||||| |||| 00| 0 eng d
020 ## - INTERNATIONAL STANDARD BOOK NUMBER
International Standard Book Number -
040 ## - CATALOGING SOURCE
Transcribing agency LIBRARY
082 ## - DEWEY DECIMAL CLASSIFICATION NUMBER
Classification number 621.89 BOY
100 ## - MAIN ENTRY--PERSONAL NAME
9 (RLIN) 16055
Personal name Boyd, John
245 ## - TITLE STATEMENT
Title ASLE transactions
Statement of responsibility, etc. American Society of Lubrication Engineers
260 ## - PUBLICATION, DISTRIBUTION, ETC.
Place of publication, distribution, etc. London:
Name of publisher, distributor, etc. Pergamon Press;
650 ## - SUBJECT ADDED ENTRY--TOPICAL TERM
9 (RLIN) 16056
Topical term or geographic name entry element Lubrications
General subdivision ME
942 ## - ADDED ENTRY ELEMENTS (KOHA)
Source of classification or shelving scheme
Koha item type Book
Holdings
Withdrawn status Lost status Source of classification or shelving scheme Damaged status Not for loan Permanent Location Current Location Shelving location Date acquired Total Checkouts Full call number Barcode Date last seen Price effective from Koha item type
          Pakistan Navy Engineering College (PNEC) Pakistan Navy Engineering College (PNEC)       621.89 BOY PNECLIB-000880 01/13/2016   Book
© 2023 Central Library, National University of Sciences and Technology. All Rights Reserved.